Giáo trình thị trường chứng khoán /
Nội dung sách gồm: Tổng quan về thị trường chứng khoán; Thị trường chứng khoán sơ cấp; Phân tích chứng khoán và đầu tư chứng khoán; Thị trường trái phiếu quốc tế và việc phát hành trái phiếu quốc tế...
Tallennettuna:
| Muut tekijät: | , |
|---|---|
| Aineistotyyppi: | Kirja |
| Kieli: | Vietnamese |
| Julkaistu: |
Hà Nội :
Nxb. Hà Nội,
2000.
|
| Aiheet: | |
| Tagit: |
Lisää tagi
Ei tageja, Lisää ensimmäinen tagi!
|
| Thư viện lưu trữ: | Mạng thư viện Đại học Đà Nẵng |
|---|
| LEADER | 01329cam a2200373 a 4500 | ||
|---|---|---|---|
| 001 | 000049787 | ||
| 003 | 9850 | ||
| 005 | 20070525144920.0 | ||
| 008 | 010417b2000 vm 000 vie | ||
| 020 | |c 16000 | ||
| 040 | |a IRC |c IRC |d IRC | ||
| 041 | 0 | |a vie | |
| 082 | 1 | 4 | |a 332.64 |b Gi-T |
| 245 | 0 | 0 | |a Giáo trình thị trường chứng khoán / |c Chủ biên : Bạch Đức Hiển, Nguyễn Công Nghiệp. |
| 260 | |a Hà Nội : |b Nxb. Hà Nội, |c 2000. | ||
| 300 | |a 274 tr. ; |c 20.5 cm. | ||
| 520 | 3 | |a Nội dung sách gồm: Tổng quan về thị trường chứng khoán; Thị trường chứng khoán sơ cấp; Phân tích chứng khoán và đầu tư chứng khoán; Thị trường trái phiếu quốc tế và việc phát hành trái phiếu quốc tế... | |
| 630 | 0 | 4 | |a Thị trường chứng khoán. |
| 630 | 0 | 4 | |a Trái phiếu quốc tế. |
| 630 | 0 | 4 | |a Phân tích chứng khoán. |
| 630 | 0 | 4 | |a Đầu tư chứng khoán. |
| 650 | 0 | 4 | |a Thị trường chứng khoán. |
| 700 | 1 | |a Nguyễn Công Nghiệp, |c PGS.TS. | |
| 700 | 1 | |a Bạch Đức Hiển, |c TS. | |
| OWN | |a DUT | ||
| 999 | |a From the UDN01 | ||
| TYP | |a Monograph | ||
| TYP | |a Printed language | ||
| 980 | |a Mạng thư viện Đại học Đà Nẵng | ||